00275nam a2200109Ia 4500003000400000008004100004100001800045245004400063260003200107300000800139650001800147OSt191201s2007 xx 000 0 und d aRONHUBBARD, L 0aScientology the Fundamentals of Thought aN. DelhibHubbard Pubc2007 a243 aGeneral Books